[Event "Wch FIDE Online U14 Asia qual"]
[Site "Tornelo INT"]
[Date "2020.12.13"]
[Round "6"]
[White "Kaung, Mon Thar"]
[Black "Husam, Al Dain Abdulhakim"]
[Result "0-1"]
[WhiteElo "1468"]
[BlackElo "1342"]
[PlyCount "120"]
[EventDate "2020.12.11"]
[EventType "swiss (rapid)"]
[EventRounds "7"]
[EventCountry "ISS"]
[SourceTitle "EXT 2022"]
[Source "ChessBase"]
[SourceDate "2021.10.06"]
[SourceVersion "1"]
[SourceVersionDate "2021.10.06"]
[SourceQuality "1"]

1. d4 Nf6 2. Bf4 e6 3. e3 d5 4. Nd2 c6 5. Ngf3 Bd6 6. Bg3 0-0 7. Bd3 Re8 8. 0-0 Bxg3 9. hxg3 Nbd7 10. Ne5 Nxe5 11. dxe5 Nd7 12. f4 f5 13. exf6 Nxf6 14. g4 Nd7 15. g5 Nc5 16. Be2 Qb6 17. b3 Ne4 18. Rf3 e5 19. Nxe4 dxe4 20. Rh3 Bxh3 21. gxh3 exf4 22. Bc4+ Kh8 23. Kg2 Qxe3 24. Qg4 f3+ 25. Kf1 b5 26. Re1 Qd2 27. Be6 Qg2+ 28. Qxg2 fxg2+ 29. Kxg2 Rxe6 30. Kf2 Rae8 31. Ke3 Rg6 32. h4 h6 33. gxh6 Rxh6 34. Rh1 Rh5 35. Rh3 g5 36. Rh1 Rxh4 37. Rf1 Rh3+ 38. Kd4 e3 39. Re1 e2 40. Kc5 Rc3+ 41. Kd4 Rxc2 42. Kd3 Rxa2 43. b4 Ra3+ 44. Kc2 Rf3 45. Kd2 Rf1 46. Rxe2 Rxe2+ 47. Kxe2 Rb1 48. Kf3 Rxb4 49. Ke3 a5 50. Kd3 a4 51. Kc3 Rh4 52. Kb2 g4 53. Kc3 g3 54. Kd2 g2 55. Ke3 g1Q+ 56. Kf3 Qf1+ 57. Ke3 Qg2 58. Kd3 Qg3+ 59. Ke2 Rh2+ 60. Kf1 Qf2# 0-1

[Event "Wch FIDE Online U14 Asia qual"]
[Site "Tornelo INT"]
[Date "2020.12.12"]
[Round "4"]
[White "Kaung, Mon Thar"]
[Black "Otgonbayar, Bat Erdene"]
[Result "0-1"]
[WhiteElo "1468"]
[BlackElo "1411"]
[PlyCount "42"]
[EventDate "2020.12.11"]
[EventType "swiss (rapid)"]
[EventRounds "7"]
[EventCountry "ISS"]
[SourceTitle "EXT 2022"]
[Source "ChessBase"]
[SourceDate "2021.10.06"]
[SourceVersion "1"]
[SourceVersionDate "2021.10.06"]
[SourceQuality "1"]

1. d4 e6 2. Bf4 d5 3. e3 Nf6 4. Nf3 Bd6 5. Bg3 0-0 6. Bd3 c5 7. c3 Nc6 8. Ne5 Qc7 9. dxc5 Bxe5 10. f4 Bxc3+ 11. Nxc3 Nb4 12. Na4 Bd7 13. Bc2 Nxc2+ 14. Qxc2 Bxa4 15. Qxa4 Qxc5 16. Qb3 Ne4 17. Rd1 Nxg3 18. hxg3 Qc4 19. Qxb7 Rab8 20. Qxa7 Rxb2 21. Qd4 Qe2# 0-1

[Event "Wch FIDE Online U14 Asia qual"]
[Site "Tornelo INT"]
[Date "2020.12.11"]
[Round "2"]
[White "Kaung, Mon Thar"]
[Black "Swarnavo, Choudhury"]
[Result "0-1"]
[WhiteElo "1468"]
[BlackElo "1927"]
[PlyCount "52"]
[EventDate "2020.12.11"]
[EventType "swiss (rapid)"]
[EventRounds "7"]
[EventCountry "ISS"]
[SourceTitle "EXT 2022"]
[Source "ChessBase"]
[SourceDate "2021.10.06"]
[SourceVersion "1"]
[SourceVersionDate "2021.10.06"]
[SourceQuality "1"]

1. d4 Nf6 2. Bf4 d6 3. e3 g6 4. c3 Bg7 5. Nd2 Nbd7 6. Ngf3 0-0 7. h3 Re8 8. Bh2 c6 9. Be2 b6 10. 0-0 Bb7 11. Qb3 c5 12. a4 a6 13. Ng5 d5 14. Rad1 e5 15. dxe5 Nxe5 16. Ngf3 Nc6 17. Qc2 Qe7 18. Nb3 Rad8 19. Rd2 Ne4 20. Rdd1 h6 21. Bd3 c4 22. Bxe4 cxb3 23. Qxb3 dxe4 24. Nd4 Nxd4 25. cxd4 Qe6 26. Rc1 Qxb3 0-1